Oficios de Mexico / (Record no. 11819)

MARC details
000 -CABECERA
campo de control de longitud fija 00752nam a2200241 4500
003 - IDENTIFICADOR DEL NÚMERO DE CONTROL
campo de control OSt
005 - FECHA Y HORA DE LA ÚLTIMA TRANSACCIÓN
campo de control 20260530113902.0
008 - DATOS DE LONGITUD FIJA--INFORMACIÓN GENERAL
campo de control de longitud fija 260507b1993 mx ||||| |||| 00| 0 spa d
020 ## - NÚMERO INTERNACIONAL ESTÁNDAR DEL LIBRO
Número Internacional Estándar del Libro 9686651624
040 ## - FUENTE DE LA CATALOGACIÓN
Centro catalogador/agencia de origen ICI
Lengua de catalogación SPA
Centro/agencia transcriptor ICI
041 ## - CÓDIGO DE LENGUA
Código de lengua del texto/banda sonora o título independiente SPA
050 ## - SIGNATURA TOPOGRÁFICA DE LA BIBLIOTECA DEL CONGRESO
Número de clasificación HD2346M4
Número de documento/Ítem O45
245 10 - MENCIÓN DE TÍTULO
Título Oficios de Mexico /
Mención de responsabilidad, etc. Fot., Ricardo Kirchner ; textos, Cristina Pacheco
264 #1 - PRODUCCIÓN, PUBLICACIÓN, DISTRIBUCIÓN, FABRICACIÓN Y COPYRIGHT
Producción, publicación, distribución, fabricación y copyright México, D.F. :
Nombre del de productor, editor, distribuidor, fabricante Nacional Financiera,
Fecha de producción, publicación, distribución, fabricación o copyright 1993
300 ## - DESCRIPCIÓN FÍSICA
Extensión 131 páginas
Otras características físicas Ilustrado
336 ## - TIPO DE CONTENIDO
Término de tipo de contenido texto
Fuente rdacontent
337 ## - TIPO DE MEDIO
Nombre/término del tipo de medio sin medio
Fuente rdamedia
338 ## - TIPO DE SOPORTE
Nombre/término del tipo de soporte volumen
Fuente rdacarrier
650 ## - PUNTO DE ACCESO ADICIONAL DE MATERIA--TÉRMINO DE MATERIA
Término de materia o nombre geográfico como elemento de entrada Artesanos
Subdivisión de forma Obras ilustradas
Subdivisión geográfica México
9 (RLIN) 32425
700 1# - PUNTO DE ACCESO ADICIONAL--NOMBRE DE PERSONA
Nombre de persona Kirchner, Ricardo,
Término indicativo de función/relación ilustrador
9 (RLIN) 5638
700 2# - PUNTO DE ACCESO ADICIONAL--NOMBRE DE PERSONA
Nombre de persona Nacional Financiera (México)
9 (RLIN) 32426
942 ## - ELEMENTOS DE PUNTO DE ACCESO ADICIONAL (KOHA)
Fuente del sistema de clasificación o colocación Library of Congress Classification
Tipo de ítem Koha
Suprimir en OPAC 1

No items available.